000 00908cab a22001935a 4500
001 L138225
008 070523e2007 xxka f 000 0 eng d
035 _a(Sirsi) u138225
041 0 _aeng
110 2 _aNational Multi Housing Council
_95206
245 0 0 _aNMHC 50
_bthe nation's 50 largest apartment owners and 50 largest appartment managers
260 _c2007
490 0 _aNational Real Estate Investor
_v49(4) supplement April 2007, 1-15(13)
520 _aProvides tables ranking the United States' largest apartment owners and managers, providing details of their number of properties, their corporate officers and the locations of their head quarters. Discusses market fundamentals for the industry, REITs in the sector, and managerial approaches.
590 _aKA
651 4 _aUNITED STATES
690 _aPROPERTY-RESIDENTIAL PROPERTY-DOMESTIC RESIDENTIAL PROPERTY-HOUSING-FLATS
942 _n0
999 _c78822
_d78822